000 00960cam a2200301 a 4500
001 3787360
003 NUST - PNEC
005 20170116181042.0
008 840803s1985 enka b 001 0 eng
010 _a 84019100
020 _a008029958X :
020 _a0080299598 (pbk.) :
040 _cLIBRARY
050 0 0 _aUG1230
_b.M55 1985
082 0 0 _a623.746047 HAR
245 0 0 _aMilitary helicopters /
_cP.G. Harrison ... [et al.].
250 _a1st ed.
260 _aLondon ;
_aWashington, D.C. :
_bBrassey's Defence Publishers,
_c1985.
300 _axvi, 155 p. :
_bill. ;
_c26 cm.
490 1 _aBrassey's Battlefield weapons systems and technology series ;
_vv. 11
500 _aIncludes index.
504 _aBibliography: p. 151.
650 0 _aMilitary helicopters.
_xME
700 1 _aHarrison, P. G.
830 0 _aBattlefield weapons systems & technology ;
_vv. 11.
906 _a7
_bcbc
_corignew
_d1
_eocip
_f19
_gy-gencatlg
942 _2ddc
_cBK
999 _c68147
_d68147